Nguyên lý chuyển đổi analog <-> digital: Kỹ thuật điện tử số - Mạch logic, Kỹ thuật số ứng dụng TV digital, kỹ thuật ghép nối vi xử lý

Saved in:
Bibliographic Details
Main Author: Đỗ Thanh Hải
Format: Book
Language:Undetermined
Published: Tp. HCM Thanh Niên 2003
Subjects:
Tags: Add Tag
No Tags, Be the first to tag this record!
Institutions: Trung tâm Học liệu Trường Đại học Cần Thơ
LEADER 00721nam a2200193Ia 4500
001 CTU_57877
008 210402s9999 xx 000 0 und d
020 |b 55000 
082 |a 621.391 
082 |b H103 
100 |a Đỗ Thanh Hải 
245 0 |a Nguyên lý chuyển đổi analog <-> digital: Kỹ thuật điện tử số - Mạch logic, Kỹ thuật số ứng dụng TV digital, kỹ thuật ghép nối vi xử lý 
245 0 |c Đỗ Thanh Hải và Ngô Thanh Hải 
260 |a Tp. HCM 
260 |b Thanh Niên 
260 |c 2003 
650 |a electronic digital computers,microprocessors 
904 |i Minh 
980 |a Trung tâm Học liệu Trường Đại học Cần Thơ